000 nam a22 a 4500
999 _c149404
_d149404
003 BLK
005 20221014153658.0
008 180410b bul|||||r ||||||| ||bul||
040 _aBLK
041 _aBUL
_cBUL
080 _aРуска литература
_b821.161.1
_x-31
_z821.161.1-31
100 1 _aБородин, Сергей Михайлович
_eпърви автор
_9330479
139 _aБородин, Сергей Михайлович
245 1 0 _aЗвезди над Самарканд
_bИст. роман
_cСергей Бородин; прев. от рус. Иван Жечев.
257 _aBGR
260 _aСофия
_bНар. култура
_c1976
300 _a584 с.
_c20 см
380 _aX
500 _aОриг. загл Звезды над Самаркандом. - Авт. не е отбелязан на кор.
700 1 _aЖечев, Иван
_eпрев. от рус.
_gКостадинов, Иван Жечев
_9373701
852 _aЦб 80893
_bЦб
856 4 _qpdf
_i0.00
_ldisable
942 _cKNG
_n0
_03
_s1
944 _aCR
_c16.01.2014
_l16.01.2014 - от С1,Р / 16.01.2014
_kНаталия_Любомирова
944 _aED
_c2022-10-14
_kСТ
999 _d149404